• 首页
  • 本馆介绍
  • 公告通知
  • 最新文献
  • 馆藏检索
  • 电子资源
  • 读者导购
  • 参考咨询
  • 我的图书馆
  • 登录
  • 详细信息显示
  • 放入我的书架
  • 预约/预借图书
  • 作者相关作品
  • 分类相关作品
  • 丛书相关作品
  • 出版社相关作品

书目信息

  • 表格格式
  • 工作单格式
  • 卡片格式
题名:
走向太空
    
 
作者: 林千 撰稿
分册:  
出版信息: 杭州   浙江教育出版社  1997
页数: 121页
开本: 29cm
丛书名: 世界科普画廊
单 册:
中图分类: P159-49 , V4-49 , N49
科图分类:
主题词: 普及读物 , 航天学--普及读物 , 自然科学--普及读物
电子资源:
ISBN: 7-5338-2791-0
000 00766nam2 2200289 450
001 1569421785
005 20150118191725.03
010    @a7-5338-2791-0@b精装@dCNY45.00
100    @a20021005d1997 em y0chiy0110 ea
101 0  @achi
102    @aCN@b330000
105    @af z 000yy
200 1  @a走向太空@9zou xiang tai kong@f林千等撰稿
210    @a杭州@c浙江教育出版社@d1997
215    @a121页@d29cm
225 2  @a世界科普画廊
300    @a国家“九五”出版规划重点图书
461  0 @12001 @a世界科普画廊
606 0  @x普及读物
606 0  @a航天学@x普及读物
606 0  @a自然科学@x普及读物
690    @aP159-49@v5
690    @aV4-49@v5
690    @aN49@v4
701  0 @a林千@9lin qian@4撰稿
801  0 @aCN@bTSSF@c20150118
905    @aZUCC@dN49@eJY174
    
    走向太空/林千等撰稿.-杭州:浙江教育出版社,1997
    121页;29cm.-(世界科普画廊)
    国家“九五”出版规划重点图书
    
    ISBN 7-5338-2791-0(精装):CNY45.00
    
●
相关链接 在E读中查询图书 在五车中查询图书 在当当中查询图书 在豆瓣中查询图书


正题名:走向太空     索取号:N49/JY174         预约/预借

序号 登录号 条形码 馆藏地/架位号 状态 备注
1 7847931   278479317   学院路分馆/ [索取号:N49/JY174] 在馆    
唐山师范学院图书馆 欢迎您!
大连网信软件有限公司© 版权所有